Rupert Bear or Beatrix Potter Quiz Stats

 Plays Quiz Updated Jul 13, 2020

Support Sporcle.
Go Orange.
Score 0/20 Timer 03:00
0 Plays Today
Character (R)upert or (P)otter % Correct
Rupert Bear???
87.5%
Algy Pug???
83.6%
Pong Ping???
83.4%
Edward Trunk???
81.6%
Constable Growler???
79.8%
Tiger Lily???
78.1%
Podgy Pig???
76.8%
Wise Old Goat???
75.1%
Bill Badger???
74.8%
Willie Mouse???
69.7%
Character (R)upert or (P)otter % Correct
Peter Rabbit???
65.5%
Jemima Puddleduck???
63.2%
Mrs. Tiggy-Winkle???
62.3%
Benjamin Bunny???
62.2%
Squirrel Nutkin???
60.6%
Jeremy Fisher???
58.4%
Samuel Whiskers???
56.5%
Pigling Bland???
46.8%
Duchess???
34.5%
Tommy Brock???
33.1%

You're not logged in!

Compare scores with friends on all Sporcle quizzes.
OR
Log In
Forgot?

From the Vault

Remove Ads.
Support Sporcle.
Get the best of Sporcle when you Go Orange. This ad-free experience offers more features, more stats, and more fun while also helping to support Sporcle. Thank you for becoming a member.

Show Comments

Extras

Top Quizzes Today


Score Distribution

Your Account Isn't Verified!

In order to create a playlist on Sporcle, you need to verify the email address you used during registration. Go to your Sporcle Settings to finish the process.

Report this User

Report this user for behavior that violates our Community Guidelines.

Details: